| 000 | 02046nam1a2200253 i 4500 | ||
|---|---|---|---|
| 001 | RU\NLR\BIBL_A\011951264 | ||
| 005 | 20260407225042.0 | ||
| 035 | _a(NLR Aleph) 011951264 | ||
| 090 |
_a11149882 _c11149882 |
||
| 100 | _a20190215g20179999u y0rusy50 ca | ||
| 101 | 0 | _arus | |
| 102 | _aRU | ||
| 105 | _a| z ||||| | ||
| 200 | 1 |
_aКаталог коллекций эпохи раннего средневековья археологических фондов Института этнологических исследований им. Р.Г. Кузеева Уфимского научного центра РАН (Музей археологии и этнографии) _iБахмутинская культура _fФедеральное государственное бюджетное учреждение науки Институт этнологических исследований им. Р.Г. Кузеева Уфимского научного центра Российской академии наук _g[составители к.и.н. Э.В. Камалеев, А.Г. Колонских _gответственный редактор к.и.н. Э.В. Камалеев] |
|
| 210 |
_aУфа _cДиалог _cИнститут этнологических исследований им. Р.Г. Кузеева Уфимского научного центра Российской академии наук _d2017 |
||
| 215 | _d20 | ||
| 601 | 0 | 2 |
_aИнститут этнологичеких исследований _bМузей археологии и этнографии _cУфа, город; Башкирия _xАрхеологические фонды _92618361 _3RU\NLR\AUTH\661554921 |
| 686 | 1 | _aТ4е(2)л22л61 | |
| 702 | 1 |
_aКамалеев _bЭ. В. _gЭльвир Винерович _4220 |
|
| 711 | 0 | 2 |
_aИнститут этнологических исследований им. Р. Г. Кузеева _cУфа _3RU\NLR\AUTH\8810153562 _9802250 |
| 852 |
_aNLR _j2019-3/4262 |
||
| 942 | _cBOOK | ||